Introduction to the ANSYS parametric design language (APDL) (Record no. 327978)

000 -LEADER
fixed length control field 00433 a2200145 4500
001 - CONTROL NUMBER
control field 92905
082 ## - DEWEY DECIMAL CLASSIFICATION NUMBER
Classification number 670.00151535 SUS
090 ## - LOCALLY ASSIGNED LC-TYPE CALL NUMBER (OCLC); LOCAL CALL NUMBER (RLIN)
-- 44565
-- 44566
100 ## - MAIN ENTRY--PERSONAL NAME
Personal name Susanna Young; Jeff Strain and eric MIller
245 ## - TITLE STATEMENT
Title Introduction to the ANSYS parametric design language (APDL)
Remainder of title PADT
260 ## - PUBLICATION, DISTRIBUTION, ETC.
Place of publication, distribution, etc. USA
Name of publisher, distributor, etc. Phoenix Analysis & Design Technologies
Date of publication, distribution, etc. 2013
300 ## - PHYSICAL DESCRIPTION
Extent 210 p.
500 ## - GENERAL NOTE
General note Aerospace
650 ## - SUBJECT ADDED ENTRY--TOPICAL TERM
Topical term or geographic name entry element ANSYS- APDL
942 ## - ADDED ENTRY ELEMENTS (KOHA)
Institution code [OBSOLETE] CAE NUST
Call number prefix 670.00151535 SUS
Holdings
Withdrawn status Lost status Damaged status Not for loan Collection code Permanent Location Current Location Date acquired Total Checkouts Full call number Barcode Date last seen Price effective from Koha item type
          College of Aeronautical Engineering (CAE) College of Aeronautical Engineering (CAE) 04/03/2017   670.00151535 SUS CAE88886 04/05/2017 04/05/2017 Book
© 2023 Central Library, National University of Sciences and Technology. All Rights Reserved.